Eastern Utah Libraries Catalog: Duchesne, Heber, Roosevelt, & Vernal

99 homes (Record no. 323991)

MARC details
000 -LEADER
fixed length control field 01792ngm a22004578i 4500
005 - DATE AND TIME OF LATEST TRANSACTION
control field 20200320223140.0
007 - PHYSICAL DESCRIPTION FIXED FIELD--GENERAL INFORMATION
fixed length control field vd cvaizk
008 - FIXED-LENGTH DATA ELEMENTS--GENERAL INFORMATION
fixed length control field 160112s2016 112 g ## vleng d
024 1# - OTHER STANDARD IDENTIFIER
Standard number or code 025192326288
040 ## - CATALOGING SOURCE
Language of cataloging eng
Description conventions rda
Modifying agency MMLLC
082 ## - DEWEY DECIMAL CLASSIFICATION NUMBER
Classification number [FIC]
245 00 - TITLE STATEMENT
Title 99 homes
Medium [videorecording] /
Statement of responsibility, etc Andrew Garfield, Michael Shannon, Laura Dern, Clancy Brown.
246 30 - VARYING FORM OF TITLE
Title proper/short title Ninety nine homes.
250 ## - EDITION STATEMENT
Edition statement Widescreen.
264 #2 - Production, Publication, Distribution, Manufacture, and Copyright Notice.
Place of production, publication, distribution, manufacture Old Saybrook, Connecticut :
Name of producer, publisher, distributor, manufacturer www.micromarketing.org
300 ## - PHYSICAL DESCRIPTION
Extent 1 videodisc (112 min.) :
Other physical details sd., col ;
Dimensions 4 3/4 in.
336 ## - Content Type
Content type term two-dimensional moving image
337 ## - Media type
Media type term video
338 ## - Carrier type
Carrier type term videodisc
344 ## -
-- digital
-- optical
-- rda
346 ## -
-- NTSC
-- rda
347 ## -
-- video file
-- DVD video
-- rda
500 ## - GENERAL NOTE
General note Title and description based on researched data.
511 1# - PARTICIPANT OR PERFORMER NOTE
Participant or performer note Starring Andrew Garfield, Michael Shannon, Laura Dern, Clancy Brown.
520 ## - SUMMARY, ETC.
Summary, etc A father struggles to get back the home that his family was evicted from by working for the greedy real estate broker who's the source of his frustration.
521 ## - TARGET AUDIENCE NOTE
Target audience note R (Restricted)
538 ## - SYSTEM DETAILS NOTE
System details note DVD, color, widescreen, NTSC.
546 ## - LANGUAGE NOTE
Language note English audio.
650 #0 - SUBJECT ADDED ENTRY--TOPICAL TERM
Topical term or geographic name as entry element Eviction
Form subdivision Drama.
9 (RLIN) 6018703
650 #0 - SUBJECT ADDED ENTRY--TOPICAL TERM
Topical term or geographic name as entry element Eviction
Form subdivision Drama.
9 (RLIN) 6018703
650 #0 - SUBJECT ADDED ENTRY--TOPICAL TERM
Topical term or geographic name as entry element FathersReal estate business
Form subdivision Drama.
9 (RLIN) 6018704
655 #7 - INDEX TERM--GENRE/FORM
Genre/form data or focus term Feature films.
Source of term lcgft
9 (RLIN) 6018705
700 1# - ADDED ENTRY--PERSONAL NAME
Personal name Garfield, Andrew.
9 (RLIN) 5934052
700 1# - ADDED ENTRY--PERSONAL NAME
Personal name Shannon, Michael.
9 (RLIN) 33405
700 1# - ADDED ENTRY--PERSONAL NAME
Personal name Dern, Laura.
9 (RLIN) 40005
700 1# - ADDED ENTRY--PERSONAL NAME
Personal name Brown, Clancy.
9 (RLIN) 65283
942 ## - ADDED ENTRY ELEMENTS (KOHA)
Koha item type DVD
948 ## - LOCAL PROCESSING INFORMATION (OCLC); SERIES PART DESIGNATOR (RLIN)
Series part designator, SPT (RLIN) 01/31/2020
z (OCLC) Sirsi
949 ## - LOCAL PROCESSING INFORMATION (OCLC)
n www.MicroMarketing.org 800-229-9887
996 ## -
-- 174716
-- 34301001675877
-- DVD
-- DVD
-- wcl
-- i
-- 2
-- 7.45
-- Amazon
-- 99
-- 01/31/2020
-- 02/21/2020
-- 02/14/2020
Holdings
Withdrawn status Lost status Source of classification or shelving scheme Damaged status Not for loan Collection code Home library Current library Shelving location Date acquired Source of acquisition Cost, normal purchase price Total Checkouts Total Renewals Full call number Barcode Date last seen Date checked out Cost, replacement price Price effective from Koha item type
    Dewey Decimal Classification     Movies Wasatch County Library Wasatch County Library Audio Visual Area 01/31/2020 Amazon 7.45 12 10 DVD 99 34301001675877 07/23/2024 07/15/2024 7.45 03/20/2020 DVD
This project was made possible through a grant from the Institute of Museum and Library Service administered by the Utah State Library Division.

Wasatch County Library

  • 465 East 1200 South, Heber City, Utah 84032
  • Phone 435-654-1511 | Fax 435-654-6456

Hours

  • Monday - Friday 9:30 AM - 8:00 PM
  • Saturday 9:30 AM - 1:30 PM
  • Closed Sundays and Holidays